000 00736nam a2200253Ia 4500
003 OSt
005 20220925220515.0
006 a|||||r|||| 00| 0
007 ta
008 220923b |||||||| |||| 00| 0 eng d
037 _cGeneral Book
040 _aRTL
_cRTL
_beng
041 _2eng
_aeng
082 _aX61v3.N, M7
100 _aBridel Pascal
_9284944
245 0 _aCambridge monetary thought
_bDevelopment of saving
260 _aLondon
_bMacmillan
_c1987
300 _ax,227p
_ccm.
490 _aStudies in Political Economy
500 _aBibliography P 212-21
650 _aEconomics-Money-Great Britain
_9248266
942 _hX61v3.N, M7
_cGB
_2CC
999 _c571688
_d571688